Manual.
Uloženo v:
| Hlavní autor: | |
|---|---|
| Další autoři: | , |
| Médium: | Kniha |
| Jazyk: | angličtina |
| Vydáno: |
Madrid, España:
Civitas,
1993.
|
| Vydání: | Primera edición. |
| Témata: | |
| Tagy: |
Přidat tag
Žádné tagy, Buďte první, kdo vytvoří štítek k tomuto záznamu!
|
MARC
| LEADER | 00000nam a22000007a 4500 | ||
|---|---|---|---|
| 003 | CL-VaPUC | ||
| 005 | 20220822114613.0 | ||
| 008 | 220713t1993 ||||| |||| 00| 0 eng d | ||
| 999 | |c 436962 |d 436960 | ||
| 020 | |a 84-470-0156-3 | ||
| 040 | |c Pontificia Universidad Católica de Valparaíso | ||
| 082 | |2 22 |a 188 EPI 1993 | ||
| 100 | |9 871647 |a Epicteto |e autor | ||
| 245 | |a Manual. | ||
| 250 | |a Primera edición. | ||
| 260 | |a Madrid, España: |b Civitas, |c 1993. | ||
| 300 | |a 99 páginas. | ||
| 500 | |a c.1 Donación Familia Prof. Alejandro Guzmán Brito. | ||
| 583 | |c 20220713 |k Yessy Sthefany Diaz Vidal | ||
| 600 | 0 | |9 871647 |a Epicteto |x Crítica e interpretación | |
| 650 | 0 | |9 866232 |a Filosofía estoica | |
| 650 | 0 | |9 755215 |a Estoicismo | |
| 700 | |9 872752 |a García, Reyes Alonso |e introducción, traducción y notas | ||
| 700 | |9 347194 |a Rodríguez Adrados, Francisco |e prólogo | ||
| 942 | |2 ddc |c BK |n 0 | ||
| 952 | |0 0 |1 0 |2 ddc |4 0 |6 188_000000000000000_EPI_1993 |7 0 |8 C_AGB |9 584697 |a BIBDER |b BIBDER |d 2022-07-13 |e Donación |i 5652808 |o 188 EPI 1993 |p 5652808 |r 2023-01-25 |t 1 |w 2022-07-13 |y BK_US |k AGB | ||